Welcome to CU Library Online Public Access Catalogue (OPAC)

Bansal's New Illustrated Medical Dictionary/ (Record no. 2644)

MARC details
000 -LEADER
fixed length control field 00493nam a22001577a 4500
005 - DATE AND TIME OF LATEST TRANSACTION
control field 20250118093743.0
008 - FIXED-LENGTH DATA ELEMENTS--GENERAL INFORMATION
fixed length control field 250118b |||||||| |||| 00| 0 eng d
020 ## - INTERNATIONAL STANDARD BOOK NUMBER
International Standard Book Number 9798174732605
050 ## - LIBRARY OF CONGRESS CALL NUMBER
Classification number R121 BAN
245 ## - TITLE STATEMENT
Title Bansal's New Illustrated Medical Dictionary/
Remainder of title English-English
Statement of responsibility, etc. edited by Shrinandan Bansal
250 ## - EDITION STATEMENT
Edition statement 1st ed.
260 ## - PUBLICATION, DISTRIBUTION, ETC.
Place of publication, distribution, etc. Krishan Nagar, Delhi
Name of publisher, distributor, etc. A.I.T.B.S. Publishers
Date of publication, distribution, etc. 2007
300 ## - PHYSICAL DESCRIPTION
Extent 946p.
Other physical details ill.
Dimensions 24cm
700 ## - ADDED ENTRY--PERSONAL NAME
Personal name Bansal, Shrinandan
942 ## - ADDED ENTRY ELEMENTS (KOHA)
Source of classification or shelving scheme Library of Congress Classification
Koha item type Books
Edition 1st ed.
Suppress in OPAC No
999 ## -
-- 2644
-- 2644
Holdings
Withdrawn status Lost status Source of classification or shelving scheme Damaged status Not for loan Collection Home library Current library Shelving location Date acquired Total checkouts Full call number Barcode Date last seen Copy number Price effective from Koha item type
    Library of Congress Classification     Non-fiction Science Library (Miotso) Science Library (Miotso) General stacks 01/18/2025   R121 BAN SLM00001953 01/18/2025 1 01/18/2025 Books
    Library of Congress Classification     Non-fiction Science Library (Miotso) Science Library (Miotso) General stacks 01/18/2025   R121 BAN SLM00001954 01/18/2025 2 01/18/2025 Books
© 2023-2024 Copyright: Central University Libraries. All Rights Reserved | Created by: Mahone Tech Office